Statistics for Random Name that pokemon! (gen 1)

Click here to take the quiz!

General Stats

  • This quiz has been taken 3 times
  • The average score is 4 of 12

Answer Stats

HintAnswer% Correct
This Pokémon wears the skull of its deceased mother. Sometimes -------'s dreams make it cry, but each tear ------- sheds makes it stronger.cubone
67%
Its ability to evolve into many forms allows it to adapt smoothly and perfectly to any environment.eevee
67%
---------, the Punching Pokémon. -------- specializes in punch attacks. Its moves are faster than the eye.hitmonchan
67%
------ flies over snowy mountains, its long tail fluttering along behind it. Known as -------, this Pokémon fires beams that can immobilize opponents as if they had been frozen solid. Its feather-like blades are composed of psychic energy and can shear through thick iron sheets as if they were paper.articuno
33%
------ is a silent but deadly predator. Its main source of food is Pidgey and Spearow eggs, and it is known to eat them whole, shell and all.ekans
33%
When its huge eyes waver, it sings a mysteriously soothing melody that lulls its enemies to sleep.jigglypuff
33%
is an orange, insectoid Pokémon that has been completely overtaken by the parasitic mushroom on its back. It has a small head with pure white eyes and a segmented body that is mostly hidden by the mushroom. It has three pairs of legs with the foremost pair forming large pincers.parasect
33%
Once it takes aim at its prey, it makes a headlong charge. It is famous for its violent nature.tauros
33%
Its body had begun to change so it could function on land. But it didn't adapt in time and went extinct.kabutops
0%
It always goes to at it's full power,but this very tough and durable pokemon never gets tired.machoke
0%
-------- swings its large tail about to create distance, then charges in with the full force of its body behind it.nidoking
0%
many adore it for it's sophisticated air. however,it will lash out and scratch for little reason.persian
0%

Score Distribution

Percentile by Number Answered

Percent of People with Each Score

Your Score History

You have not taken this quiz